Statistics for LegoLand Resort Locations

Click here to take the quiz!

General Stats

  • This quiz has been taken 20 times
  • The average score is 4 of 9

Answer Stats

HintAnswer% Correct
United Arab EmiratesLegoLand Dubai
71%
United KingdomLegoLand Windsor
65%
United StatesLegoLand California
59%
United StatesLegoLand Florida
59%
DenmarkLegoLand Billund
47%
United StatesLegoLand New York
35%
GermanyLegoLand Deutschland
29%
MalaysiaLegoLand Malaysia
24%
JapanLegoLand Japan
18%

Score Distribution

Percentile by Number Answered

Percent of People with Each Score

Your Score History

You have not taken this quiz